[Event "47th World Open"]
[Site "Philadelphia"]
[Date "2019.07.03"]
[Round "1"]
[White "Studen, Damir"]
[Black "Shabalov, Alexander"]
[Result "0-1"]
[WhiteElo "2110"]
[BlackElo "2500"]
[PlyCount "78"]
[EventDate "2019.07.??"]
[EventType "swiss"]
[EventRounds "9"]
[EventCountry "USA"]

1. d4 Nf6 2. Nf3 g6 3. c4 Bg7 4. g3 O-O 5. Bg2 d6 6. O-O Nbd7 7. Nc3 e5 8. e4
Re8 9. Re1 c6 10. h3 a6 11. a4 a5 12. Be3 Qc7 13. d5 Nc5 14. Qc2 Nfd7 15. Nd2
Na6 16. Nb3 Ndc5 17. Nxc5 Nxc5 18. Bxc5 dxc5 19. Rad1 Bd7 20. Rd3 Red8 21. Red1
Be8 22. dxc6 Rxd3 23. Qxd3 bxc6 24. Qd6 Qxd6 25. Rxd6 Rb8 26. Rd2 Bh6 27. Rc2
Rb4 28. Bf1 Bd7 29. h4 Be6 30. Be2 Bxc4 31. Bxc4 Rxc4 32. b3 Rb4 33. Na2 Rxb3
34. Rxc5 Ra3 35. Nc3 Bd2 36. Ne2 Rxa4 37. Rxe5 Rc4 38. Re8+ Kg7 39. Rd8 Bb4 0-1

[Event "47th World Open"]
[Site "Philadelphia"]
[Date "2019.07.03"]
[Round "1"]
[White "Zinski, Maximilian"]
[Black "Kavutskiy, Konstantin"]
[Result "0-1"]
[WhiteElo "2056"]
[BlackElo "2412"]
[PlyCount "76"]
[EventDate "2019.07.??"]
[EventType "swiss"]
[EventRounds "9"]
[EventCountry "USA"]

1. e4 Nc6 2. Nf3 d6 3. d4 Nf6 4. Nc3 g6 5. h3 Bg7 6. Be3 O-O 7. d5 Nb8 8. Bd3
c6 9. dxc6 Nxc6 10. O-O b6 11. Nd5 Nd7 12. c3 e6 13. Nf4 Bb7 14. Bc2 Nce5 15.
Qxd6 Nxf3+ 16. gxf3 Be5 17. Qd2 Qe7 18. Ng2 Rad8 19. Bg5 f6 20. Bh6 Rfe8 21.
Qe3 Bb8 22. Ba4 a6 23. b4 b5 24. Bb3 Ne5 25. Rad1 g5 26. f4 Nf7 27. Rxd8 Rxd8
28. fxg5 fxg5 29. f4 Nxh6 30. fxg5 Nf7 31. Rf6 Bd5 32. Kf1 Bxb3 33. axb3 Be5
34. Qf2 Bxf6 35. gxf6 Qd6 36. Ne3 Qd3+ 37. Ke1 Qb1+ 38. Ke2 Qb2+ 0-1

[Event "47th World Open"]
[Site "Philadelphia"]
[Date "2019.07.03"]
[Round "1"]
[White "Li, Max J"]
[Black "Homa, Seth"]
[Result "0-1"]
[WhiteElo "1919"]
[BlackElo "2281"]
[PlyCount "274"]
[EventDate "2019.07.??"]
[EventType "swiss"]
[EventRounds "9"]
[EventCountry "USA"]

1. e4 c5 2. Nf3 Nc6 3. d4 cxd4 4. Nxd4 e5 5. Nb5 d6 6. Be3 Nf6 7. f3 a6 8. N5c3
Be7 9. Bc4 O-O 10. O-O b5 11. Bb3 Na5 12. Nd5 Nxb3 13. Nxf6+ Bxf6 14. axb3 b4
15. Nd2 a5 16. Nc4 Ra6 17. Rxa5 Rxa5 18. Bb6 Qd7 19. Bxa5 Ba6 20. Bxb4 Rc8 21.
Kh1 Bxc4 22. bxc4 Rxc4 23. c3 Qb5 24. Rf2 Rc8 25. Qf1 Qb6 26. Rd2 Be7 27. Qd1
h5 28. Rd5 h4 29. h3 Ra8 30. Bxd6 Qxb2 31. Bxe7 Ra1 32. Bxh4 Qxc3 33. Qxa1
Qxa1+ 34. Kh2 f6 35. Bg3 Kh7 36. Rd2 Qc3 37. Re2 g6 38. f4 Qc4 39. Rf2 Qxe4 40.
fxe5 f5 41. Rf1 Qc4 42. Re1 f4 43. Bf2 Qe6 44. Bh4 Kh6 45. Bf6 g5 46. Rf1 Qc4
47. Rf3 Kg6 48. Kh1 Qe2 49. Kh2 Kf5 50. Kh1 Qe1+ 51. Kh2 Qd1 52. Bg7 Qd7 53.
Bf6 Qh7 54. Kg1 Kg6 55. Kh2 Qh6 56. Kg1 Kf5 57. Rf1 Qh4 58. Rf3 Qh7 59. Rf1
Qa7+ 60. Kh2 Qe3 61. Rf3 Qe1 62. Rb3 Qe2 63. Rf3 Qc2 64. Kg1 Kg6 65. Kh2 Qf5
66. Kg1 Kf7 67. Kh2 Ke6 68. Kg1 Kd5 69. Kh2 Ke4 70. Kg1 Qg6 71. Kh2 Qh5 72. Kg1
Qh4 73. Kh2 Qh6 74. Kg1 Qh5 75. Kf2 Qh4+ 76. Kg1 Qe1+ 77. Kh2 Kf5 78. Rb3 Qc1
79. Rf3 Qd1 80. Rc3 Kg6 81. Rf3 Qd4 82. Rb3 Kh5 83. Rf3 Qc4 84. Ra3 Kg6 85. Rf3
Kf5 86. Kg1 Qg8 87. Kh2 Ke4 88. Kg1 Qg6 89. Kh2 Qh6 90. Kg1 Kd4 91. Kf2 Kc4 92.
Kg1 Kd5 93. Rd3+ Ke4 94. Rf3 Qh4 95. Kh2 Qh5 96. Kg1 Qh6 97. Kf2 Kf5 98. Kg1
Qf8 99. Kh2 Qf7 100. Kg1 Qh7 101. Kf2 Qa7+ 102. Kf1 Qd4 103. Ke2 Qg1 104. Rf2
Qh1 105. Kd2 g4 106. hxg4+ Kxg4 107. Re2 Qh6 108. Ke1 Kg3 109. Kd1 Qh1+ 110.
Kd2 Qa1 111. Kd3 Qb1+ 112. Kc3 Qd1 113. Rd2 Qe1 114. Kd3 Qe3+ 115. Kc2 Qe4+
116. Kc3 Kh2 117. Rb2 Kg1 118. Kb3 Kf1 119. Ka2 Qa4+ 120. Kb1 Qd1+ 121. Ka2
Qa4+ 122. Kb1 Ke1 123. Ra2 Qe4+ 124. Kc1 Qe3+ 125. Kc2 Qd2+ 126. Kb3 Qd5+ 127.
Ka3 Kd1 128. Ra1+ Kc2 129. Ra2+ Kd3 130. Rb2 Qe6 131. Kb4 Qb6+ 132. Ka3 Qa6+
133. Kb3 Qa5 134. Ra2 Qb6+ 135. Ka3 Qc5+ 136. Kb3 Qc3+ 137. Ka4 Kc4 0-1

[Event "47th World Open"]
[Site "Philadelphia"]
[Date "2019.07.03"]
[Round "1"]
[White "Mahajan, Rushaan"]
[Black "Ramer, Scott"]
[Result "1-0"]
[WhiteElo "1889"]
[BlackElo "2269"]
[PlyCount "77"]
[EventDate "2019.07.??"]
[EventType "swiss"]
[EventRounds "9"]
[EventCountry "USA"]

1. d4 Nf6 2. Nf3 g6 3. c4 Bg7 4. Nc3 d5 5. Bg5 dxc4 6. e3 c5 7. Bxc4 cxd4 8.
exd4 O-O 9. h3 a6 10. a3 b5 11. Ba2 Bb7 12. O-O Nbd7 13. Qe2 Nb6 14. Rfe1 h6
15. Bh4 Bxf3 16. Qxf3 Qxd4 17. Bg3 Ra7 18. Rad1 Qc4 19. Re5 Qc8 20. Qe3 Qb7 21.
Rc5 Qa8 22. Ne2 Ne4 23. Rc2 Nxg3 24. Qxb6 Qe4 25. Rdd2 Rb7 26. Qxa6 Nh5 27. Bd5
Qxc2 28. Rxc2 Rd7 29. Qxb5 Rfd8 30. Bf3 Nf6 31. a4 Nh7 32. h4 g5 33. h5 Nf6 34.
a5 g4 35. Bc6 Rd1+ 36. Kh2 R8d3 37. Ng3 Nd7 38. Bxd7 Rxd7 39. Rc8+ 1-0